[Event "EU-ch Blitz"]
[Site "Katowice"]
[Date "2022.12.16"]
[Round "12"]
[White "Ulasevich, Sergei"]
[Black "Mis, Mieszko"]
[Result "1-0"]
[WhiteElo "2236"]
[BlackElo "2389"]
[PlyCount "97"]
[EventDate "2022.12.16"]
[EventType "swiss (blitz)"]
[EventRounds "22"]
[EventCountry "POL"]
[SourceTitle "CBM 211 Extra"]
[Source "ChessBase"]
[SourceDate "2023.01.31"]
[SourceVersion "1"]
[SourceVersionDate "2023.01.31"]
[SourceQuality "1"]

1. e4 c6 2. d4 d5 3. exd5 cxd5 4. Bd3 Nc6 5. c3 g6 6. Bf4 Bh6 7. Bg3 Bf5 8. Nf3 Qb6 9. 0-0 Qxb2 10. Bxf5 gxf5 11. c4 Nf6 12. Nbd2 0-0 13. Rb1 Qxa2 14. c5 Ne4 15. Nxe4 dxe4 16. Nh4 e6 17. d5 Qxd5 18. Qxd5 exd5 19. Nxf5 Bg5 20. h4 Bf6 21. Rxb7 a5 22. h5 a4 23. Nh6+ Kg7 24. Nf5+ Kh8 25. Bd6 a3 26. Bxf8 Rxf8 27. Rb6 Rc8 28. Ra6 Bb2 29. Nd6 Rc7 30. Nb5 Rc8 31. Nxa3 Nb4 32. Ra7 Nd3 33. Nb5 Rxc5 34. Nd6 Kg7 35. Rxf7+ Kg8 36. Rb7 Be5 37. Nf5 Rc2 38. Ne7+ Kf8 39. Nxd5 Bd4 40. Ne3 Re2 41. Ng4 Ke8 42. Rxh7 Nf4 43. Rb7 Nxh5 44. Rb4 Bc5 45. Rc4 Bb6 46. Rb1 Ba7 47. Rb7 Re1+ 48. Kh2 Ra1 49. Rc8# 1-0

[Event "Titled Tuesday intern op 26th Jul Early"]
[Site "Chess.com INT"]
[Date "2022.07.26"]
[Round "10"]
[White "Lauridsen, Jesper Morch"]
[Black "Ulasevich, Sergei"]
[Result "1-0"]
[WhiteElo "2221"]
[BlackElo "2217"]
[PlyCount "79"]
[EventDate "2022.07.26"]
[EventType "swiss (blitz)"]
[EventRounds "11"]
[EventCountry "USA"]
[SourceTitle "EXT 2023"]
[Source "ChessBase"]
[SourceDate "2022.10.05"]
[SourceVersion "1"]
[SourceVersionDate "2022.10.05"]
[SourceQuality "1"]

1. c4 b5 2. cxb5 a6 3. bxa6 Bxa6 4. Nc3 g6 5. g3 Bg7 6. Bg2 c6 7. Nf3 Nf6 8. 0-0 0-0 9. d3 d5 10. Bf4 Nbd7 11. Qd2 Re8 12. Bh6 Bh8 13. a3 e5 14. Rfd1 Qb6 15. Rac1 Ng4 16. Rf1 Nxh6 17. Qxh6 Bg7 18. Qd2 Qb3 19. Rc2 Rab8 20. Rfc1 Rec8 21. Bh3 f5 22. e4 Rf8 23. exd5 cxd5 24. Ng5 d4 25. Nce4 Qxd3 26. Nc5 Nxc5 27. Qa5 Rb5 28. Qc7 Ne4 29. Bf1 Qb3 30. Bc4+ Qxc4 31. Qxc4+ Kh8 32. Nf7+ Rxf7 33. Qxf7 Rb8 34. Rc7 Rg8 35. Ra7 Ng5 36. Qe7 Nf3+ 37. Kg2 Be2 38. Rc8 Ne1+ 39. Kg1 Nf3+ 40. Kh1 1-0

[Event "Titled Tuesday intern op 26th Jul Early"]
[Site "Chess.com INT"]
[Date "2022.07.26"]
[Round "4"]
[White "Navarrete Mendez, Gonzalo Alberto"]
[Black "Ulasevich, Sergei"]
[Result "0-1"]
[WhiteElo "2185"]
[BlackElo "2217"]
[PlyCount "148"]
[EventDate "2022.07.26"]
[EventType "swiss (blitz)"]
[EventRounds "11"]
[EventCountry "USA"]
[SourceTitle "EXT 2023"]
[Source "ChessBase"]
[SourceDate "2022.10.05"]
[SourceVersion "1"]
[SourceVersionDate "2022.10.05"]
[SourceQuality "1"]

1. e4 e6 2. d4 d5 3. Nc3 Nf6 4. Bg5 h6 5. Bxf6 Qxf6 6. exd5 Bb4 7. dxe6 Bxe6 8. Nf3 Nc6 9. a3 Bxc3+ 10. bxc3 0-0 11. Be2 Qg6 12. Qd2 Na5 13. Ne5 Qxg2 14. 0-0-0 Qd5 15. Rdg1 Kh8 16. c4 Qd6 17. Qxa5 Qxd4 18. Nd3 Bxc4 19. Rg4 Qa1+ 20. Kd2 Qxh1 21. Rxc4 Qxh2 22. Qxc7 Qh1 23. Rg4 Qd5 24. Qg3 Rg8 25. Qe5 Qd7 26. Qf4 Rad8 27. Kc1 Qe7 28. Kb2 Qxe2 29. Ne5 Qb5+ 30. Kc1 Qf1+ 31. Kb2 Qb5+ 32. Kc1 Qd5 33. Qf5 Rgf8 34. Kb2 Qb5+ 35. Ka2 Qd5+ 36. Kb2 Rde8 37. Ng6+ fxg6 38. Qxd5 Rf6 39. Qd4 Rb6+ 40. Kc1 Rc8 41. Kd2 Rbc6 42. Ke2 Rxc2+ 43. Kf1 R2c6 44. Qd7 Rf8 45. Qxb7 Rcf6 46. Qxa7 Kh7 47. Qe3 Rf3 48. Qd4 Rxa3 49. Kg2 Ra6 50. Qe4 Raf6 51. Qd4 R8f7 52. Rg3 Rf8 53. Rd3 R8f7 54. Rc3 Rf8 55. Rc5 R8f7 56. Rd5 Rf4 57. Qc5 R4f6 58. Qd4 Rf4 59. Qd2 Rg4+ 60. Kf1 Rgf4 61. Ke1 Re4+ 62. Kd1 Ref4 63. Rd6 Rxf2 64. Qd3 Rf1+ 65. Kc2 R7f2+ 66. Kb3 Rf3 67. Kc4 Rxd3 68. Rxd3 Rf6 69. Kd4 g5 70. Ke5 Kg6 71. Rd7 h5 72. Rd1 h4 73. Rg1 Kh5 74. Rh1 g4 0-1

[Event "Titled Tuesday intern op 26th Jul Late"]
[Site "Chess.com INT"]
[Date "2022.07.26"]
[Round "6"]
[White "Silva, Miguel Antonio Neto"]
[Black "Ulasevich, Sergei"]
[Result "1-0"]
[WhiteElo "2207"]
[BlackElo "2217"]
[PlyCount "55"]
[EventDate "2022.07.26"]
[EventType "swiss (blitz)"]
[EventRounds "11"]
[EventCountry "USA"]
[SourceTitle "EXT 2023"]
[Source "ChessBase"]
[SourceDate "2022.10.05"]
[SourceVersion "1"]
[SourceVersionDate "2022.10.05"]
[SourceQuality "1"]

1. d4 Nf6 2. c4 e5 3. dxe5 Ng4 4. Bf4 Nc6 5. Nf3 Bb4+ 6. Nbd2 Qe7 7. e3 Ngxe5 8. Nxe5 Nxe5 9. a3 Bxd2+ 10. Qxd2 d6 11. Qc3 b6 12. Be2 Bb7 13. 0-0 g5 14. Bg3 h5 15. f4 Ng6 16. Bd3 0-0-0 17. Rae1 Kb8 18. fxg5 Qxg5 19. Qf6 Qc5 20. Qd4 Qg5 21. Rf5 Qh6 22. Rf6 Qg5 23. Bxg6 fxg6 24. Qf4 Qc5 25. b4 Qc6 26. e4 Qxc4 27. h3 Qd4+ 28. Kh2 1-0

[Event "Titled Tuesday intern op 19th Jul Early"]
[Site "Chess.com INT"]
[Date "2022.07.19"]
[Round "7"]
[White "Shohat, Yotam"]
[Black "Ulasevich, Sergei"]
[Result "1-0"]
[WhiteElo "2321"]
[BlackElo "2217"]
[PlyCount "107"]
[EventDate "2022.07.19"]
[EventType "swiss (blitz)"]
[EventRounds "11"]
[EventCountry "USA"]
[SourceTitle "EXT 2023"]
[Source "ChessBase"]
[SourceDate "2022.10.05"]
[SourceVersion "1"]
[SourceVersionDate "2022.10.05"]
[SourceQuality "1"]

1. Nf3 d5 2. g3 c5 3. Bg2 Nc6 4. d4 cxd4 5. Nxd4 Nf6 6. 0-0 g6 7. c4 Nxd4 8. Qxd4 dxc4 9. Qxd8+ Kxd8 10. Na3 c3 11. bxc3 Bg7 12. Rd1+ Nd7 13. Bf4 a6 14. Nc4 Ke8 15. Rab1 Bxc3 16. Rdc1 Bf6 17. Na5 Kf8 18. Nxb7 Bxb7 19. Rxb7 Ne5 20. Rc5 Ng4 21. h3 e5 22. Bc1 Rd8 23. hxg4 Rd1+ 24. Kh2 h5 25. g5 Bd8 26. Ba3 Kg7 27. Bd5 Rf8 28. Rc8 Rxd5 29. Bxf8+ Kxf8 30. Ra7 a5 31. a4 Kg7 32. f4 exf4 33. gxf4 Rd2 34. Raa8 Rxe2+ 35. Kg3 h4+ 36. Kf3 Ra2 37. Rxd8 Ra3+ 38. Kg4 f5+ 39. gxf6+ Kxf6 40. Kxh4 Kf5 41. Rf8+ Ke4 42. Kg5 Rg3+ 43. Kf6 Kxf4 44. Ke6+ Ke4 45. Rxa5 g5 46. Re5+ Kd4 47. Rd8+ Kc4 48. Rc8+ Kb4 49. Rb5+ Ka3 50. a5 g4 51. a6 Re3+ 52. Re5 Rc3 53. Rxc3+ Kb4 54. Rg3 1-0

[Event "Titled Tuesday intern op 19th Jul Early"]
[Site "Chess.com INT"]
[Date "2022.07.19"]
[Round "2"]
[White "Ulasevich, Sergei"]
[Black "Lee, Jun Hyeok"]
[Result "0-1"]
[WhiteElo "2217"]
[BlackElo "2390"]
[PlyCount "152"]
[EventDate "2022.07.19"]
[EventType "swiss (blitz)"]
[EventRounds "11"]
[EventCountry "USA"]
[SourceTitle "EXT 2023"]
[Source "ChessBase"]
[SourceDate "2022.10.05"]
[SourceVersion "1"]
[SourceVersionDate "2022.10.05"]
[SourceQuality "1"]

1. d4 Nf6 2. Nc3 d5 3. Bf4 Bf5 4. e3 c6 5. f3 h5 6. Bd3 Bxd3 7. Qxd3 e6 8. e4 Bb4 9. Nge2 c5 10. dxc5 Nc6 11. exd5 Qxd5 12. Qxd5 Nxd5 13. Bd2 Nxc3 14. Bxc3 Bxc5 15. 0-0-0 f6 16. Kb1 e5 17. Rhe1 Rd8 18. a3 Kf7 19. b4 Bb6 20. Bb2 Ne7 21. c4 Nf5 22. c5 Bc7 23. Ng3 Nxg3 24. hxg3 e4 25. Rxd8 Rxd8 26. Rxe4 Bxg3 27. Rd4 Rxd4 28. Bxd4 Ke6 29. Kc2 Kd5 30. Kd3 a6 31. a4 Be1 32. b5 axb5 33. axb5 Bb4 34. c6 bxc6 35. b6 Bd6 36. b7 c5 37. Bf2 c4+ 38. Kc2 Kc6 39. Kc3 Kxb7 40. Kxc4 Kc6 41. Bd4 Be5 42. Be3 Kd6 43. Bc5+ Ke6 44. Bf8 g6 45. Ba3 Kf5 46. Kd3 Kf4 47. Ke2 Kg3 48. Kf1 Bd4 49. Bd6+ Be5 50. Bc5 Kh2 51. Bg1+ Kh1 52. Bf2 g5 53. Be1 h4 54. Bf2 Bg3 55. Bd4 f5 56. Bf6 Bf4 57. Bd4 Kh2 58. Bg1+ Kg3 59. Bf2+ Kh2 60. Bg1+ Kh1 61. Bf2 Bg3 62. Bd4 g4 63. fxg4 fxg4 64. Bg1 Bf4 65. Bf2 Bg5 66. Bg1 Bf6 67. Bf2 Kh2 68. Bg1+ Kg3 69. Bf2+ Kf4 70. Kg1 g3 71. Be1 Ke3 72. Kh1 Ke2 73. Bc3 Kf1 74. Bxf6 h3 75. gxh3 g2+ 76. Kh2 g1Q# 0-1

[Event "Titled Tuesday intern op 19th Jul Early"]
[Site "Chess.com INT"]
[Date "2022.07.19"]
[Round "6"]
[White "Ulasevich, Sergei"]
[Black "Voege, Tobias"]
[Result "1-0"]
[WhiteElo "2217"]
[BlackElo "2272"]
[PlyCount "81"]
[EventDate "2022.07.19"]
[EventType "swiss (blitz)"]
[EventRounds "11"]
[EventCountry "USA"]
[SourceTitle "EXT 2023"]
[Source "ChessBase"]
[SourceDate "2022.10.05"]
[SourceVersion "1"]
[SourceVersionDate "2022.10.05"]
[SourceQuality "1"]

1. d4 Nf6 2. Nc3 g6 3. Bf4 d5 4. h4 h5 5. Nf3 a6 6. e3 Bg7 7. Bd3 c6 8. Ne5 b5 9. Qf3 Bb7 10. 0-0-0 Nbd7 11. Qg3 Nf8 12. f3 N6d7 13. e4 Nxe5 14. Bxe5 Bxe5 15. Qxe5 f6 16. Qg3 Kf7 17. e5 f5 18. Ne2 Ne6 19. Qh3 Qa5 20. Kb1 Ng7 21. g4 Bc8 22. Nf4 hxg4 23. fxg4 g5 24. e6+ Bxe6 25. Nxe6 Nxe6 26. Bxf5 Nf4 27. Qf3 Qc7 28. hxg5 e6 29. Bd3 Ke7 30. g6 Nxd3 31. Rxd3 Raf8 32. Qg2 Kd8 33. Rdh3 Rxh3 34. Qxh3 Qg7 35. Qh7 Qxd4 36. g7 Re8 37. g8Q Rxg8 38. Qxg8+ Kc7 39. a3 b4 40. axb4 Kb6 41. Qb8# 1-0